Doing social network research network based research design for social scientists
Salvato in:
| Autore principale: | |
|---|---|
| Natura: | Libro |
| Lingua: | inglese |
| Pubblicazione: |
Los Angeles
SAGE Publications
2015
|
| Soggetti: | |
| Tags: |
Nessun Tag, puoi essere il primo ad aggiungerne!!
|
MARC
| LEADER | 00000nam a2200000 4500 | ||
|---|---|---|---|
| 001 | 0223381 | ||
| 005 | 20240313132832.0 | ||
| 020 | |a 978-1-4462-7613-6 (pbk) | ||
| 020 | |a 978-1-4462-7612-9 | ||
| 041 | 0 | |a eng | |
| 044 | |a US | ||
| 245 | 1 | 0 | |a Doing social network research |b network based research design for social scientists |c Garry Robins |
| 264 | 1 | |a Los Angeles |b SAGE Publications |c 2015 | |
| 300 | |a 261 s. | ||
| 610 | 2 | 0 | |a siete sociálne |
| 610 | 2 | 0 | |a výskum |
| 610 | 2 | 0 | |a koncepcie |
| 610 | 2 | 0 | |a systémy sociálne |
| 610 | 2 | 0 | |a štruktúra dát |
| 610 | 2 | 0 | |a zber dát |
| 610 | 2 | 0 | |a etika |
| 610 | 2 | 0 | |a analýzy |
| 610 | 2 | 0 | |a metódy |
| 100 | 1 | |a Robins, Garry | |